书目信息 |
| 题名: |
卢梭全集
|
|
| 作者: | 卢梭 著 ;李平沤 译 | |
| 分册: | 第7卷 爱弥儿(下) 论教育及其他 | |
| 出版信息: | 北京 商务印书馆 2012.06 |
|
| 页数: | 465页 | |
| 开本: | 24cm | |
| 丛书名: | ||
| 单 册: | ||
| 中图分类: | B565.26-52 , G40-095.65 | |
| 科图分类: | ||
| 主题词: | 教育思想--法国--近代 , 教育思想 | |
| 电子资源: | ||
| ISBN: | 978-7-100-09159-6 | |
| 000 | 01161nam0 2200325 450 | |
| 001 | 005570379 | |
| 005 | 20130426102824.04 | |
| 010 | @a978-7-100-09159-6@b精装@dCNY109.00 | |
| 100 | @a20120926d2012 em y0chiy50 ea | |
| 101 | 1 | @achi@cfre |
| 102 | @aCN@b110000 | |
| 105 | @ay z 000yy | |
| 106 | @ar | |
| 200 | 1 | @a卢梭全集@9lu suo quan ji@h第7卷@i爱弥儿(下) 论教育及其他@f李平沤译 |
| 210 | @a北京@c商务印书馆@d2012.06 | |
| 215 | @a465页@d24cm | |
| 305 | @a根据菲尔曼·迪多兄弟出版公司1858年版译出 | |
| 312 | @a书内法文题名:J. J. Rousseau emile ou de l'education | |
| 330 | @a本书内容包括:爱弥儿(下)、爱弥儿和苏菲或孤独的人、普雷沃斯特致文学书稿编纂者的信。 | |
| 510 | 1 | @aJ. J. Rousseau@iEmile ou de l'education@zfre |
| 600 | 0 | @a卢梭@c(Rousseau, Jean Jacques@f1712-1778)@j全集 |
| 600 | 0 | @a卢梭@c(Rousseau, Jean Jacques@f1712-1778) |
| 606 | 0 | @a教育思想@y法国@z近代 |
| 606 | 0 | @a教育思想 |
| 690 | @aB565.26-52@v5 | |
| 690 | @aG40-095.65@v5 | |
| 701 | 0 | @c(法)@a卢梭@9lu suo@c(Rousseau, Jean-Jacques@f1712-1778)@4著 |
| 702 | 0 | @a李平沤@9li ping ou@4译 |
| 801 | 0 | @aCN@bNLC@c20120926 |
| 905 | @b542326-28@dB565.26-52@e60:7@f3 | |
| 卢梭全集.第7卷.爱弥儿(下) 论教育及其他/李平沤译.-北京:商务印书馆,2012.06 |
| 465页;24cm |
| ISBN 978-7-100-09159-6(精装):CNY109.00 |
| 本书内容包括:爱弥儿(下)、爱弥儿和苏菲或孤独的人、普雷沃斯特致文学书稿编纂者的信。 |
| ● |
| 相关链接 |
|
|
|
|
正题名:卢梭全集
索取号:B565.26-52/60:7
 
预约/预借
| 序号 | 登录号 | 条形码 | 馆藏地/架位号 | 状态 | 备注 |
| 1 | 542326 | 205423264 | 第一样本阅览室/ [索取号:B565.26-52/60:7] | 在馆 | |
| 2 | 542327 | 205423273 | 第一借阅区/ [索取号:B565.26-52/60:7] | 在馆 | |
| 3 | 542328 | 205423282 | 第一借阅区/ [索取号:B565.26-52/60:7] | 在馆 |